Action Figures of the 80's and 90's by Picture - Statistics

General Stats
  • This quiz has been taken 27 times
  • The average score is 16 of 32
Answer Stats
Picture Answer % Correct
Teenage Mutant Ninja Turtles
92%
The Joker
88%
Batman: The Animated Series
85%
Mighty Morphin' Power Rangers
77%
Raphael
77%
The Real Ghostbusters
77%
Transformers
77%
Skeletor
73%
He-Man and the Masters of the Universe
69%
Optimus Prime
65%
"Macho Man" Randy Savage
62%
Spider-Man
62%
Star Wars
62%
WWF Wrestling Superstars
62%
Dr. Octopus
58%
Han Solo
54%
Thunder Cats
54%
G.I. Joe
50%
Kimberly, the Pink Ranger
46%
Peter Venkman
42%
X-Men
38%
Gambit
35%
Lion-O
35%
Cobra Commander
27%
Biker Mice From Mars
19%
Gargoyles
19%
Street Sharks
19%
Demona
12%
Ren
12%
Blades
4%
Pirates of Dark Water
4%
Throttle
4%
No matching quizzes found
Score Distribution
Percent of People with Each Score
Percentile by Number Answered
Your Score History
You have not taken this quiz